00490nam a2200097Ia 4500008004100000245011400041260003600155650014300191650001400334856004400348171212s9999 xx 000 0 und d ceditor Ringer, Ronald JeffreyaQueer Words, Queer ImagesbCommunication and the Construction of Homosexuality bNew York University Pressc1994 aHomosexuality -- United States; Homosexuality in television -- United States; Homosexuality in motion pictures; Symbolism in communication aSociology uhttp://www.jstor.org/stable/j.ctt9qfw8w